000 00564nam a2200193Ia 4500
005 20250508152725.0
008 008 250505s9999 xx 000 0 eng d
037 _aTextual
040 _aFEDL
_beng
_cFEDL
041 _aeng
_2eng
084 _a370.78, ALL
_qFEDL
245 0 _aReprot of the research project : Impact of modern education on rural commnunity
245 0 _cDepartment of Education. Allahabad University
260 _c1959
300 _a98p.
650 _aEducation
942 _cTEXL
_h370.78, ALL
999 _c1338327
_d1338327